Los sistemas de información contable que utilizan en las mypymes colombianas / (Registro nro. 5879)

Detalles MARC
000 -LEADER
fixed length control field 02314nam a2200277 i 4500
005 - DATE AND TIME OF LATEST TRANSACTION
control field 20250329165507.0
007 - PHYSICAL DESCRIPTION FIXED FIELD--GENERAL INFORMATION
fixed length control field ta
008 - FIXED-LENGTH DATA ELEMENTS--GENERAL INFORMATION
fixed length control field 200622s2021 000 0 eng d
040 ## - CATALOGING SOURCE
Original cataloging agency CO-CtgCURN
Language of cataloging spa
Transcribing agency coctgcurn
Description conventions rda
082 0# - DEWEY DECIMAL CLASSIFICATION NUMBER
Classification number TCS 2021
Item number T736
100 1# - MAIN ENTRY--PERSONAL NAME
Personal name Tovio Machado, Angie Carolina,
Relator term author.
Relationship aut
245 14 - TITLE STATEMENT
Title Los sistemas de información contable que utilizan en las mypymes colombianas /
Statement of responsibility, etc. Angie Carolina Tovio Machado; Kathy Milena Alvarez Paternina.
260 ## - PUBLICATION, DISTRIBUTION, ETC.
Place of publication, distribution, etc. Cartagena de Indias :
Name of publisher, distributor, etc. Corporación Universitaria Rafael Núñez,
Date of publication, distribution, etc. 2021.
260 #4 - PUBLICATION, DISTRIBUTION, ETC.
Date of publication, distribution, etc. ©2021.
300 ## - PHYSICAL DESCRIPTION
Extent 26 hojas.
336 ## - CONTENT TYPE
Content type term text
Content type code txt
Source rdacontent
337 ## - MEDIA TYPE
Media type term unmediated
Media type code n
Source rdamedia
338 ## - CARRIER TYPE
Carrier type term volume
Carrier type code nc
Source rdacarrier
502 ## - DISSERTATION NOTE
Dissertation note Trabajo de grado (Tecnologo en contabilidad sistematizada). Corporación Universitaria Rafael Núñez. Facultad de Ciencias Administrativas y Contables. Programa de Tecnología en Contabilidad Sistematizada, 2021.
520 8# - SUMMARY, ETC.
Summary, etc. "El presente proyecto tiene como objetivo investigar a fondo los sistemas de información contable que se utilizan en las pymes colombianas y cada uno de los conocimientos que esta conlleva y sirva para llegar al objetivo de saber todo acerca de los sistemas de información contable. Para ello se elabor una indagación la cual nos dio como diagnóstico que los sistemas de información contable, tiene como función recopilar, establecer y examinar, los datos y los sucesos financieros de una empresa. Esta también tiene la jurisdicción para registrar la historia económica de una organización. Esto sirvió de base para conceptualizar y plantear más a fondo los puntos claves a trabajar en el proyecto. La información se recolecto a través de bibliotecas, libros y pdf utilizando las herramientas tic. La investigación es cualitativa y corresponde al tipo de descriptivo. Siguiendo el paradigma empírico analítico. "
650 #0 - SUBJECT ADDED ENTRY--TOPICAL TERM
Topical term or geographic name entry element Contabilidad sistematizada
General subdivision Tesis y disertaciones académicas.
700 1# - ADDED ENTRY--PERSONAL NAME
Personal name Alvarez Paternina, Kathy Milena.
856 7# - ELECTRONIC LOCATION AND ACCESS
Uniform Resource Identifier <a href="https://unicurn.sharepoint.com/:b:/s/biblioteca/EUkQNPL-s69MprnUPqzyNL0BpzFgdNhMfNnWMNiZ-lxkTQ?e=ixc4D3">https://unicurn.sharepoint.com/:b:/s/biblioteca/EUkQNPL-s69MprnUPqzyNL0BpzFgdNhMfNnWMNiZ-lxkTQ?e=ixc4D3</a>
Public note Click aqui para ver el recurso en texto completo
942 ## - ADDED ENTRY ELEMENTS (KOHA)
Koha item type Trabajos de grado
Classification part TCS 2021
Item part T736
Institution code [OBSOLETE] MHC
-- MHC
Source of classification or shelving scheme Dewey Decimal Classification
Existencias
Withdrawn status Lost status Source of classification or shelving scheme Damaged status Not for loan Collection Home library Current library Shelving location Date acquired Total checkouts Full call number Barcode Date last seen Price effective from Koha item type
    Dewey Decimal Classification     Trabajos de grado Miguel Henríquez Castañeda Miguel Henríquez Castañeda Trabajo de grado 03/29/2025   TCS 2021 T736 023509 03/29/2025 03/29/2025 Trabajos de grado